| 000 | 00761cam a2200313 4500 | ||
|---|---|---|---|
| 008 | 090401t1999 xxu||||| |||| 00| 0 eng d | ||
| 020 | _a1853411116 | ||
| 035 | _a(Sirsi) u99567 | ||
| 041 | _aeng | ||
| 050 | _a333.335 | ||
| 100 | _aNix, John | ||
| 245 | _aLand and estate management. | ||
| 250 | _a3rd ed. | ||
| 260 |
_aChichester _bPackard Publishing Limited _c1999 |
||
| 300 | _ax, 350p. ; 22cm. | ||
| 350 | _a24.99 | ||
| 650 | _aAGRICULTURAL HOLDINGS | ||
| 650 | _aCONSERVATION | ||
| 650 | _aFARMING | ||
| 650 | _aFORESTRY | ||
| 650 | _aLAND OWNERSHIP | ||
| 650 | _aRIGHTS OF WAY | ||
| 690 | _aRURAL PRACTICE | ||
| 700 | _aHill, Paul | ||
| 700 | _aWilliams, Nigel | ||
| 700 | _aBough, Jenny | ||
| 942 | _n0 | ||
| 948 | _c25/09/1998 | ||
| 999 |
_c99391 _d99391 |
||